Annual report on exchange arrangements and exchange restrictions 2000
Guardado en:
| Formato: | Libro |
|---|---|
| Lenguaje: | inglés |
| Publicado: |
Washington
International Monetary Fund
2000
|
| Materias: | |
| Etiquetas: |
Sin Etiquetas, Sea el primero en etiquetar este registro!
|
MARC
| LEADER | 00000nam a2200000 4500 | ||
|---|---|---|---|
| 001 | c122839 | ||
| 005 | 20221108082637.2 | ||
| 020 | |a 1-55775-898-0 | ||
| 022 | |a 0250-7366 | ||
| 041 | 0 | |a eng | |
| 044 | |a US | ||
| 245 | 1 | 0 | |a Annual report on exchange arrangements and exchange restrictions 2000 |
| 264 | 1 | |a Washington |b International Monetary Fund |c 2000 | |
| 300 | |a 996 s. | ||
| 610 | 2 | 0 | |a devízy |
| 610 | 2 | 0 | |a valuty |
| 610 | 2 | 0 | |a mena |
| 610 | 2 | 0 | |a politika devízová |
| 610 | 2 | 0 | |a dohody obchodné medzinárodné |
| 610 | 2 | 0 | |a obchod medzinárodný |
| 610 | 2 | 0 | |a dovoz |
| 610 | 2 | 0 | |a vývoz |
| 610 | 2 | 0 | |a politika peňažná |
| 610 | 2 | 0 | |a platby obchodné |
| 610 | 2 | 0 | |a politika menová |
| 610 | 2 | 0 | |a Medzinárodný menový fond |